NFL Play Offs Teams 2016/17 Quiz Stats

 Plays Quiz not verified by Sporcle

Score 0/12 Timer 02:00
0 Plays Today
Seed Team % Correct
1.*New England Patriots
96.7%
4.Green Bay Packers
95.3%
6.Detroit Lions
94%
3.Seattle Seahawks
93.3%
3.Pittsburgh Steelers
92.7%
2.Kansas City Chiefs
92%
1.Dallas Cowboys
92%
2.*Atlanta Falcons
91.3%
4.Houston Texans
90.7%
5.Oakland Raiders
90%
5.New York Giants
90%
6.Miami Dolphins
89.3%

You're not logged in!

Compare scores with friends on all Sporcle quizzes.
Join for Free
OR
Log In

You Might Also Like...

Show Comments

Extras

Top Quizzes Today


Score Distribution

Your Account Isn't Verified!

In order to create a playlist on Sporcle, you need to verify the email address you used during registration. Go to your Sporcle Settings to finish the process.

Report this User

Report this user for behavior that violates our Community Guidelines.

Details: